Normal view
MARC view
Entry Personal Name
001 - CONTROL NUMBER
- control field: 26035
003 - CONTROL NUMBER IDENTIFIER
- control field: dpl
005 - DATE AND TIME OF LATEST TRANSACTION
- control field: 20110217144341.0
008 - FIXED-LENGTH DATA ELEMENTS
- fixed length control field: 110217|||a|||||| | ||| d
040 ## - CATALOGING SOURCE
- Original cataloging agency: dpl
- Transcribing agency: dpl
100 ## - HEADING--PERSONAL NAME
- Personal name: Bernstein, Ira H.
670 ## - SOURCE DATA FOUND
- Source citation: Work cat.: (dpl): Nunnally, Jum C. 12973, Psychometric theory /, 2010
670 ## - SOURCE DATA FOUND
- Source citation: Work cat.: (dpl): Nunnally, Jum C. 12973, Psychometric theory /, 2010
